Alle Bahnhöfe des S-Bahn Zürich - Statistiken

Allgemein
  • Dieses Quiz wurde 81 mal gespielt
  • Das Durchschnittsergebnis liegt bei 258 aus 484
Antworten auf der Karte
Die Antworten werden auf der Karte rot bzw. grün angezeigt, abhängig davon wie oft sie richtig erraten wurden.
 
Antwortstatistiken
Antwort % Korrekt
S19 | S20 | S21 | S23 Zürich HB
95%
S10 | S11 | S12 | +14 others Zürich HB
92%
S12 | S23 | S24 | +8 others Winterthur
90%
S11 | S12 | S19 | S42 Dietikon
85%
S11 | S12 | S15 | +8 others Hardbrücke
85%
S11 | S12 | S14 | +3 others Altstetten
82%
S14 | S15 | S16 | +9 others Oerlikon
82%
S3 | S36 | S41 | S9 Bülach
79%
S15 | S40 | S5 | S7 Rapperswil
79%
S11 | S12 | S15 | +9 others Stadelhofen
79%
S11 | S12 | S3 | S9 Stettbach
79%
S14 | S15 | S5 | S9 Uster
79%
S19 | S24 | S3 | +2 others Effretikon
77%
S2 | S25 | S40 | S8 Pfäffikon SZ
77%
S19 | S3 Pfäffikon ZH
77%
S12 | S24 | S33 | S9 Schaffhausen
77%
S16 | S2 | S24 Zürich Flughafen
77%
S14 | S5 Affoltern am Albis
74%
S19 | S3 | S8 Dietlikon
74%
S20 | S6 | S7 Meilen
74%
S2 | S24 | S8 Wiedikon
74%
S21 | S6 Zürich Affoltern
74%
S14 | S9 Dübendorf
72%
S24 Horgen Oberdorf
72%
S24 | S8 Thalwil
72%
S24 | S7 Bassersdorf
69%
S2 | S8 Horgen
69%
S15 | S5 Jona
69%
S7 Kloten
69%
S25 Rüti GL
69%
S11 | S12 Schlieren
69%
S24 | S5 Zug
69%
S12 | S19 | S6 Baden
67%
S16 | S20 | S6 Küsnacht
67%
S15 | S26 | S5 Rüti
67%
S14 | S19 | S8 Wallisellen
67%
S14 | S15 | S3 | S5 Wetzikon
67%
S12 | S35 Wil
67%
S24 | S30 Frauenfeld
64%
S11 | S12 Killwangen-Spreitenbach
64%
S15 | S9 Rümlang
64%
S2 | S25 Siebnen-Wangen
64%
S11 Aarau
62%
S12 Brugg
62%
S2 | S24 | S8 Enge
62%
S15 | S3 | S9 Glattbrugg
62%
S14 | S9 Nänikon-Greifensee
62%
S11 | S24 | S29 | S30 Oberwinterthur
62%
S7 Opfikon
62%
S11 | S29 Seuzach
62%
S21 | S6 Regensdorf-Watt
59%
S20 | S7 Stäfa
59%
S29 Stein Am Rhein
59%
S14 | S5 Urdorf
59%
S26 Wald
59%
S11 | S26 Winterthur Seen
59%
S14 | S5 Birmensdorf
56%
S41 Embrach-Rorbas
56%
S16 | S6 Herrliberg-Feldmeilen
56%
S19 | S3 Illnau
56%
S24 | S8 Kilchberg
56%
S15 | S3 | S9 Oberglatt
56%
S9 Rafz
56%
S14 | S9 Schwerzenbach
56%
S10 Uetliberg
56%
S24 | S8 Wollishofen
56%
S16 | S6 Zollikon
56%
S12 | S24 | S33 Andelfingen
54%
S24 Baar
54%
S14 | S5 Bonstetten-Wettswil
54%
S14 Hinwil
54%
S20 | S7 Männedorf
54%
S18 Neuhaus
54%
S12 | S24 | S33 | S9 Neuhausen
54%
S9 Neuhausen Rheinfall
54%
S2 | S8 Richterswil
54%
S13 | S2 | S25 | S8 Wädenswil
54%
S12 | S19 | S6 Wettingen
54%
S11 | S26 Wila
54%
S36 | S9 Eglisau
51%
S25 Glarus
51%
S9 Glattfelden
51%
S9 Niederglatt
51%
S15 Niederweningen
51%
S41 Pfungen
51%
S10 | S4 Selnau
51%
S41 Töss
51%
S11 | S12 | S26 | S35 Winterthur Grüze
51%
S4 Adliswil
49%
S8 Au
49%
S10 Binz
49%
S15 | S5 Bubikon
49%
S5 Mettmenstetten
49%
S6 Otelfingen
49%
S24 | S8 Rüschlikon
49%
S10 Triemli
49%
S11 | S26 Turbenthal
49%
S6 | S7 Uetikon am See
49%
S24 | S30 Weinfelden
49%
S2 | S25 Ziegelbrücke
49%
S26 Bauma
46%
S6 Buchs-Dällikon
46%
S18 Egg
46%
S13 | S40 Einsiedeln
46%
S19 | S3 Fehraltorf
46%
S24 Kemptthal
46%
S7 Kloten Balsberg
46%
S2 | S25 Lachen
46%
S11 Lenzburg
46%
S6 Seebach
46%
S11 | S26 Sennhof-Kyburg
46%
S24 Wipkingen
46%
S41 Wülflingen
46%
S6 Würenlos
46%
S16 | S6 Zürich Tiefenbrunnen
46%
S8 Bach
44%
S17 Bremgarten
44%
S17 Bremgarten West
44%
S15 Dielsdorf
44%
S12 | S33 Marthalen
44%
S15 Niederhasli
44%
S8 Oberrieden
44%
S24 Oberrieden Dorf
44%
S24 | S30 Rickenbach-Attikon
44%
S24 Thayngen
44%
S12 | S19 Turgi
44%
S10 Uitikon Waldegg
44%
S24 | S30 Wiesendangen
44%
S12 | S35 Winterthur Hegi
44%
S18 Zumikon
44%
S12 | S35 Aadorf
41%
S12 | S33 Dachsen
41%
S16 | S6 Erlenbach
41%
S8 Freienbach
41%
S40 Freienbach SOB
41%
S11 | S12 Glanzenberg
41%
S12 | S33 Hettlingen
41%
S3 Kempten
41%
S19 | S36 Koblenz
41%
S36 Koblenz Dorf
41%
S4 Saalsporthalle
41%
S15 Schöfflisdorf-Oberweningen
41%
S29 Thalheim-Altikon
41%
S36 Bad Zurzach
38%
S12 | S35 Elgg
38%
S12 | S33 Henggart
38%
S5 Knonau
38%
S4 Langnau-Gattikon
38%
S11 Mellingen-Heitersberg
38%
S12 | S33 Schloss Laufen
38%
S20 | S7 Uerikon
38%
S40 Wollerau
38%
S24 | S30 Fellben-Wellhausen
36%
S26 Fischenthal
36%
S9 Hüntwangen-Wil
36%
S7 Kempraten
36%
S25 Linthal
36%
S4 Manegg
36%
S6 Otelfingen Golfpark
36%
S11 | S42 Othmarsingen
36%
S11 | S29 Reutlingen
36%
S11 | S26 Rikon
36%
S25 Schwanden
36%
S5 Steinhausen
36%
S14 | S5 Urdorf Weihermatt
36%
S17 Wohlen Oberdorf
36%
S14 Aathal
33%
S10 Friesenberg
33%
S14 | S5 Hedingen
33%
S4 Leimbach
33%
S12 Neuenhof
33%
S10 Ringlikon
33%
S13 | S40 Samstagern
33%
S13 | S40 Schindellegi-Feusisberg
33%
S19 Siggenthal-Würenlingen
33%
S29 Stammheim
33%
S5 Steinhausen Rigiblick
33%
S26 Tann-Dürnten
33%
S11 | S29 Wallrüti
33%
S2 Altendorf
31%
S18 Balgrist
31%
S13 | S40 Biberbrugg
31%
S4 Brunau
31%
S18 Forch
31%
S24 Herblingen
31%
S24 | S30 Islikon
31%
S25 Näfels-Mollis
31%
S25 Netstal
31%
S18 Neue Forch
31%
S29 Ossingen
31%
S11 | S26 Rämismühle-Zell
31%
S12 | S35 Räterschen
31%
S10 Schweighof
31%
S16 | S6 Winkel am Zürichsee
31%
S29 Dinhard
28%
S19 Dottingen
28%
S18 Esslingen
28%
S7 Feldbach
28%
S4 Giesshübel
28%
S18 Kreuzplatz
28%
S25 Luchsingen-Hätzingen
28%
S11 Mägenwil
28%
S25 Mitlödi
28%
S24 | S30 Müllheim-Wigoltingen
28%
S12 | S35 Schottikon
28%
S12 | S35 Sirnach
28%
S18 Spital Zollikerberg
28%
S26 Steg
28%
S36 Waldshut
28%
S18 Zollikerberg
28%
S17 Berikon-Widen
26%
S25 Diesbach-Betschwanden
26%
S25 Ennenda
26%
S26 Gibswil
26%
S19 Klingnau
26%
S11 | S26 Kollbrunn
26%
S16 | S6 Küsnacht Goldbach
26%
S25 Linthal Braunwaldbahn
26%
S9 Lotstetten
26%
S24 | S30 Märstetten
26%
S17 Rudolfstetten
26%
S4 Sihlwald
26%
S4 Sood-Oberleimbach
26%
S17 Wohlen
26%
S17 Zufikon
26%
S12 | S35 Eschlikon
23%
S29 Etzwilen
23%
S18 Hegibachplatz
23%
S40 Hurden
23%
S36 Kaiserstuhl
23%
S18 Rehalp
23%
S26 Saland
23%
S4 Sihlau
23%
S15 Steinmaur
23%
S4 Wildpark-Höfli
23%
S36 Zweidlen
23%
S17 Erdmannlistein
21%
S12 | S35 Guntershausen
21%
S24 | S30 Hüttlingen-Mettendorf
21%
S17 Isenlauf
21%
S9 Jestetten
21%
S25 Leuggelbach
21%
S36 Mellikon
21%
S25 Nidfurn-Haslen
21%
S15 Niederweningen Dorf
21%
S17 Obertor
21%
S36 Rekingen
21%
S36 Rietheim
21%
S36 Rümikon
21%
S40 Wilen
21%
S17 Bergfrieden
18%
S17 Bibenlos-Sonnenhof
18%
S13 Burghalden
18%
S18 Emmat
18%
S17 Hammergut
18%
S17 Heinrüti
18%
S17 Hofacker
18%
S18 Maiacher
18%
S17 Reppischhof
18%
S40 Riedmatt
18%
S18 Scheuren
18%
S17 Schöneggstrasse
18%
S17 Stoffelbach
18%
S18 Waltikon
18%
S17 Belvédère
15%
S13 Grüenfeld
15%
S18 Hinteregg
15%
S18 Langwies
15%
S18 Waldburg
10%
Keine übereinstimmenden Quizze gefunden
Verteilung der Resultate
Anzahl Personen mit jedem Resultat
Perzentil nach korrekt beantworteten Fragen
Ihre Resultats-Entwicklung
Sie haben dieses Quiz noch nicht gespielt